000 00613nam a2200193Ia 4500
008 151121s9999||||xx |||||||||||||| ||und||
082 _a550/वझे
082 _bHNW-12235
100 _aवझे य।ग।
245 _aनौका आणि नाविक कथा
260 _b"सुरूची प्रकाशन, पुणे"
260 _c--
300 _a121
600 _aवझे य।ग।
630 _aनौका आणि नाविक कथा
700 _aवझे य।ग।
730 _aनौका आणि नाविक कथा
942 _cBOOK
999 _c1216768
_d1216765